[Event "TIPC 2012"]
[Site "Charleroi"]
[Date "2012.07.28"]
[Round "1.1"]
[White "Sterck, Arno"]
[Black "Zubarev, Alexander"]
[Result "0-1"]
[BlackElo "2596"]
[WhiteElo "1796"]

1. e4  c5  2. Nf3  Nc6
 3. d4  cxd4  4. Nxd4
 g6  5. Nc3  Bg7 
6. Be3  Nf6  7. Bc4  O-O
 8. Bb3  d6  9. f3
 Bd7  10. Qd2  Qa5
 11. O-O-O  Rfc8  12. h4
 h5  13. Bg5  Nxd4
 14. Qxd4  Rc5  15. Qd2
 Rac8  16. Bxf6  Bxf6
 17. Qh6  e6  18. Rxd6
 Rxc3  19. Qd2  Ba4
 20. bxc3  Bxb3  21. cxb3
 Bxc3  22. Qc2  Bb2+
 23. Kxb2  Rxc2+  24. Kxc2
 Qc5+  0-1

[Event "TIPC 2012"]
[Site "Charleroi"]
[Date "2012.07.28"]
[Round "1.2"]
[White "Shchekachev, Andrei"]
[Black "Ooghe, Jean-Marie"]
[Result "1-0"]
[BlackElo "1795"]
[WhiteElo "2528"]

1. Nf3  Nf6  2. c4  c5
 3. Nc3  Nc6  4. g3
 g6  5. d4  cxd4 
6. Nxd4  Bg7  7. Nc2  d6
 8. Bg2  Be6  9. b3
 Qd7  10. h3  a6 
11. Bb2  Rc8  12. Nd5  Qd8
 13. Nxf6+  exf6  14. O-O
 O-O  15. Ne3  Qd7
 16. Kh2  Rfe8  17. Qd2
 Rcd8  18. Rad1  Qc7
 19. Bc3  f5  20. Bxg7
 Kxg7  21. Qc3+  f6
 22. Rd2 Ne5  23. Qb4 b6  24.
Rfd1 Nf7  25. Kg1 Qc5  26. Qc3 Qe5
 27. Rd4 Bc8  28. Nd5 b5  29.
cxb5 axb5  30. e3 Bd7  31. f4 Qe6
 32. R4d3 Rc8  33. Nc7 Rxc7  34.
Qxc7 Rc8  35. Qb6 Rc2  36. R1d2 Rc5
 37. Kh2 Rc1  38. Qd4 Be8  39.
Re2 h6  40. e4 Bc6  41. Qe3 Ra1 
42. exf5 Qxe3  43. Rdxe3 Bxg2  44. Kxg2 gxf5
 45. Re7 Kg6  46. Rb7  1-0

[Event "TIPC 2012"]
[Site "Charleroi"]
[Date "2012.07.28"]
[Round "1.3"]
[White "De Groof, Maurice"]
[Black "Kveinys, Aloyzas"]
[Result "0-1"]
[LiveChessVersion "1.4-u16"]
[BlackElo "2523"]
[WhiteElo "1793"]

1. e4  c5  2. Nf3  e6
 3. d4  cxd4  4. Nxd4
 a6  5. c4  Nf6 
6. Nc3  Bb4  7. Bd3  Nc6
 8. Nc2  Bc5  9. O-O
 d6  10. Kh1  Ne5
 11. Be2  O-O  12. Bg5
 h6  13. Be3  Qe7
 14. f4  Ned7  15. Qd2
 Rb8  16. f5  Re8
 17. Rf3  Bxe3  18. Nxe3
 Nc5  19. Bd3  b6
 20. b4  Ncd7  21. Bc2
 Ne5  22. Rff1  Bb7
 23. Rae1  Rbc8  24. Bd3
 Rc7  25. Qe2  b5
 26. Rc1  Rec8  27. a3
 Nfd7  28. Bb1  Nxc4 29. Nxc4
 Rxc4  30. fxe6  fxe6
 0-1

[Event "TIPC 2012"]
[Site "Charleroi"]
[Date "2012.07.28"]
[Round "1.4"]
[White "Ringoir, Tanguy"]
[Black "Garcia-Hernando, François"]
[Result "1-0"]
[LiveChessVersion "1.4-u16"]
[BlackElo "1789"]
[WhiteElo "2427"]

1. d4  f5  2. Nc3  Nf6
 3. Bf4  e6  4. a3
 d6  5. e3  b6 
6. Qf3  d5  7. h3  c6
 8. g4  Bd6  9. gxf5
 exf5  10. Bd3  Ne4
 11. Nce2  O-O  12. h4
 Qc7  13. h5  Ba6 14. Nh3
 Kh8 15. O-O-O  c5 16. Bxe4 dxe4 17. Qg3 Bxf4 18.
Nhxf4 Qe7 19. Ng6+ hxg6 20. Nf4 Kg8 21. hxg6 1-0

[Event "TIPC 2012"]
[Site "Charleroi"]
[Date "2012.07.28"]
[Round "1.5"]
[White "Demat, Olivier"]
[Black "Vandevoort, Pascal"]
[Result "0-1"]
[LiveChessVersion "1.4-u16"]
[BlackElo "2388"]
[WhiteElo "1764"]

1. e4  c5  2. Nc3  a6
 3. f4  b5  4. Nf3
 Bb7  5. d3  e6 
6. g3  b4  7. Ne2  f5
 8. Nd2  Nf6  9. Bg2
 c4  10. O-O  cxd3
 11. cxd3  Nc6  12. exf5
 exf5  13. Re1  Be7
 14. Nc4  d5  15. Ne5
 Qb6+  16. d4  Nxe5
 17. fxe5  Ne4  18. Nf4
 O-O  19. Be3  a5
 20. Qb3  Rfd8  21. a4
 g5  22. Nh3  h6 
23. Rad1  Kg7  24. Nf2  Rac8
 25. Bf1  Qg6  26. Kh1
 f4  27. Nxe4  dxe4
 28. gxf4  Bd5  29. Bc4
 Rxc4  0-1

[Event "TIPC 2012"]
[Site "Charleroi"]
[Date "2012.07.28"]
[Round "1.6"]
[White "Sarrau, Jelle"]
[Black "Goffart, Nicolas"]
[Result "1-0"]
[LiveChessVersion "1.4-u16"]
[BlackElo "1761"]
[WhiteElo "2306"]

1. d4  d5  2. c4  c6
 3. Nf3  Nf6  4. Nc3
 e6  5. Bg5  Nbd7
 6. cxd5  exd5  7. e3
 Qc7  8. Bd3  Bd6
 9. O-O  O-O  10. Qc2
 h6  11. Bh4  Re8
 12. Rab1  a5 13. Rfc1 Qb8 14. Bf5 Nh5 15. Na4
Qc7 16. a3 g5 17. Bg3 Nxg3 18. hxg3 Nf6 19. Nc3 Kg7 20. Nd2 Bxf5 21. Qxf5 Bxg3
22. fxg3 Qxg3 23. Nf1 Qd6 24. Rc2 Re7 25. Rf2 Rae8 26. Re1 b5 27. Rf3 Nh7 28. Ng3
Nf6 29. Qxf6+ 1-0

[Event "TIPC 2012"]
[Site "Charleroi"]
[Date "2012.07.28"]
[Round "1.7"]
[White "Delescailles, Laurent"]
[Black "Rooze, Jan"]
[Result "0-1"]
[LiveChessVersion "1.4-u16"]
[BlackElo "2294"]
[WhiteElo "1761"]

1. e4  c5  2. Nf3  e6
 3. d4  cxd4  4. Nxd4
 a6  5. Nc3  Qc7 
6. Be2  b5  7. a3  Bb7
 8. Qd3  Nc6  9. f4
 Nxd4  10. Qxd4  Nf6
 11. Be3  Be7 12. Rg1  O-O
 13. g4 d5  14. e5  Nd7
 15. g5  Bc5  16. Qd2
 Qb6  17. Bxc5  Nxc5
 18. Qe3  d4  19. Qxd4
 Nd3+  20. Qxd3  Qxg1+
 21. Bf1  Qxh2  22. Ne2
 Rfd8  23. Qe3  Rac8
 24. Nd4  Qh4+  25. Kd2
 h6  26. gxh6  Rxd4+
 0-1

[Event "TIPC 2012"]
[Site "Charleroi"]
[Date "2012.07.28"]
[Round "1.8"]
[White "Wiley, Tom"]
[Black "Toth, Charles"]
[Result "1-0"]
[LiveChessVersion "1.4-u16"]
[BlackElo "1755"]
[WhiteElo "2283"]

1. d4  Nc6  2. d5  Ne5
 3. e4  e6  4. f4
 Ng6  5. dxe6  fxe6
 6. Nf3  Bb4+  7. c3
 Bc5  8. Bd3  Nh4
 9. g3  Nxf3+  10. Qxf3
 g6  11. h4  h5 
12. e5  Ne7  13. b4  Bb6
 14. Nd2  a6  15. Ne4 Nf5 16. Bb2
Qe7 17. O-O-O a5 18. b5 a4 19. Kb1 a3 20. Bc1 Kf7 21. g4 hxg4 22. Qxg4 d5 23.
Ng5+ Ke8 24. h5 Qc5 25. hxg6 Rxh1 26. Rxh1 Qxc3 27. Rh8+ Ke7 28. Rh7+ Ke8 29.
Rh8+ Ke7 30. Rh7+ Ke8 31. Bxf5 exf5 32. Qh3 Qb4+ 33. Kc2 Qc4+ 34. Kd1 Qd4+ 35.
Bd2 Qa4+ 36. Ke1 Qxb5 37. g7 Qb1+ 38. Ke2 Qb5+ 39. Qd3 Qxd3+ 40. Kxd3 Be6 41.
Rh8+ 1-0

[Event "TIPC 2012"]
[Site "Charleroi"]
[Date "2012.07.28"]
[Round "1.9"]
[White "Jamar, Vadim"]
[Black "Le Quang, Kim"]
[Result "0-1"]
[LiveChessVersion "1.4-u16"]
[BlackElo "2282"]
[WhiteElo "1755"]

1. e4  c5  2. d4  cxd4
 3. c3  Nf6  4. e5
 Nd5  5. cxd4  e6
 6. Nf3  d6  7. Bd3
 Nb4  8. Be2  dxe5
 9. Nxe5  Qxd4  10. Bb5+
 N8c6  11. Nxc6  Qxd1+
 12. Kxd1  bxc6  13. Ba4
 Ba6  14. a3  O-O-O+
 15. Bd2  Nd3  16. Rf1
 Nxb2+  17. Kc2  Nxa4 0-1

[Event "TIPC 2012"]
[Site "Charleroi"]
[Date "2012.07.28"]
[Round "1.10"]
[White "Maes, Wim"]
[Black "Braekmans, Geert"]
[Result "1-0"]
[LiveChessVersion "1.4-u16"]
[BlackElo "1750"]
[WhiteElo "2268"]

1. e4  d5  2. exd5  Nf6
 3. Bc4  c6  4. dxc6
 Nxc6  5. Nf3  e5
 6. Ng5  Nd5  7. Nxf7
 Kxf7  8. Qf3+  Ke6
 9. Nc3  Nce7  10. d4
 b5 11. Bb3 Ba6 12. Ne4 Ng6 13. Ng5+ Ke7 14. Qf7+ Kd6 15. Qxd5+
1-0

[Event "TIPC 2012"]
[Site "Charleroi"]
[Date "2012.07.28"]
[Round "1.11"]
[White "Herpigny, Yves"]
[Black "Van Mechelen, Jan"]
[Result "0-1"]
[LiveChessVersion "1.4-u16"]
[BlackElo "2247"]
[WhiteElo "1750"]

1. e4 c5 2. Nc3 Nc6 3. f4 g6 4. Nf3 Bg7 5. Bb5 Nd4 6. O-O Nxb5 7. Nxb5 d6 8. d3
Nf6 9. Nc3 b6 10. Qe1 Bb7 11. h3 Qd7 12. Bd2 Qc6 13. Nd1 h6 14. Ne3 O-O-O 15. a4
d5 16. e5 Nh5 17. Qh4 d4 18. Nc4 Bf8 19. b3 Ng7 20. Bc1 Nf5 21. Qf2 f6 22. Re1
Bg7 23. Ncd2 Ne3 24. Ne4 f5 25. Ng3 Nd5 26. Bd2 e6 27. Re2 Bf8 28. Nf1 Be7 29.
Kh2 Rdg8 30. Ne1 g5 31. Ng3 g4 0-1

[Event "TIPC 2012"]
[Site "Charleroi"]
[Date "2012.07.28"]
[Round "1.12"]
[White "Bomans, Arno"]
[Black "Ponnet, Guy"]
[Result "1-0"]
[LiveChessVersion "1.4-u16"]
[BlackElo "1740"]
[WhiteElo "2245"]

1. d4 d6 2. c4 f5 3. Nc3 Nf6 4. g3 g6 5. Bg2 Bg7 6. Nh3 O-O 7. d5 c6 8. Nf4 Re8
9. O-O e5 10. dxe6 Bxe6 11. Nxe6 Rxe6 12. Bf4 Ne4 13. Nxe4 fxe4 14. Bh3 Re8 15.
Qxd6 Qxd6 16. Bxd6 e3 17. f4 Na6 18. Rad1 Bxb2 19. Bd7 Re4 20. f5 Kg7 21. Be6
gxf5 22. Bxf5 Rxc4 23. Rb1 Rd8 24. Bf4 Rb4 25. Rxb2 Kf7 26. Rxb4 Nxb4 27. Bxe3
Kg7 28. Be6 Re8 29. Bd4+ Kg6 30. Bf7+ 1-0

[Event "TIPC 2012"]
[Site "Charleroi"]
[Date "2012.07.28"]
[Round "1.13"]
[White "Discart, Eddy"]
[Black "Sclacmender, Julien"]
[Result "0-1"]
[LiveChessVersion "1.4-u16"]
[BlackElo "2223"]
[WhiteElo "1738"]

1. d4 Nf6 2. Nf3 g6 3. c4 Bg7 4. Nc3 d5 5. e3 O-O 6. Bd3 c5 7. dxc5 dxc4 8. Bxc4
Qa5 9. O-O Qxc5 10. Qb3 Nc6 11. Qb5 Qd6 12. Rd1 Qc7 13. Nd4 Ng4 14. Nf3 Nce5 15.
Nxe5 Nxe5 16. Be2 Bd7 17. Qb4 Nc6 18. Nd5 Nxb4 19. Nxc7 Rad8 20. a3 Nc6 21. Rb1
Bf5 22. Ra1 Na5 23. Nd5 Rxd5 24. Rxd5 Nb3 25. Ra2 Nxc1 26. Ra1 Bxb2 27. Rxc1 Bxc1
0-1

[Event "TIPC 2012"]
[Site "Charleroi"]
[Date "2012.07.28"]
[Round "1.14"]
[White "Schuermans, Robert"]
[Black "Charlier, Pascal"]
[Result "1-0"]
[LiveChessVersion "1.4-u16"]
[BlackElo "1734"]
[WhiteElo "2202"]

1. e4 g6 2. d4 Bg7 3. Nc3 d6 4. Be3 Nd7 5. f4 a6 6. Nf3 e6 7. h3 h5 8. Bd3 Ne7 9.
O-O Nf6 10. Bf2 b6 11. Bh4 Qd7 12. Ng5 O-O 13. Qe2 Bb7 14. Rad1 b5 15. e5 Nfd5
16. Nxd5 Bxd5 17. g4 hxg4 18. hxg4 f6 19. exf6 Bxf6 20. c3 Kg7 21. Rf2 Rh8 22.
Rh2 Bxg5 23. Bxg5 Rxh2 24. Qxh2 Rh8 25. Bf6+ Kxf6 26. Qxh8+ Kf7 27. Qh7+ 1-0

[Event "TIPC 2012"]
[Site "Charleroi"]
[Date "2012.07.28"]
[Round "1.15"]
[White "Cottenier, Christophe"]
[Black "Henris, Luc"]
[Result "0-1"]
[LiveChessVersion "1.4-u16"]
[BlackElo "2192"]
[WhiteElo "1733"]

1. Nf3 Nc6 2. d4 d5 3. Bf4 Bg4 4. Nbd2 e6 5. h3 Bh5 6. e3 Bd6 7. Bxd6 cxd6 8. Nb3
Nf6 9. Be2 Rc8 10. O-O O-O 11. Rc1 Qb6 12. Nfd2 Bg6 13. c3 a5 14. a4 Ne4 15. Bb5
Nxd2 16. Nxd2 Na7 17. c4 dxc4 18. Nxc4 Qd8 19. Qd2 Nxb5 20. axb5 b6 21. Rc3 f6
22. Rfc1 Rf7 23. f4 d5 24. Na3 Rfc7 25. Rxc7 Rxc7 26. Kf2 h5 27. Nb1 Bxb1 28.
Rxb1 Qe8 29. Qd3 Rc4 30. b3 Rb4 31. f5 Qxb5 32. Qc2 Qd7 33. fxe6 Qxe6 34. Rc1 f5
35. h4 f4 36. Qc8+ Qxc8 37. Rxc8+ Kf7 38. Rc3 fxe3+ 39. Kxe3 Kf6 40. Rd3 Kf5 41.
Kd2 Ke4 42. Re3+ Kxd4 43. Rd3+ Ke5 0-1

[Event "TIPC 2012"]
[Site "Charleroi"]
[Date "2012.07.29"]
[Round "2.1"]
[White "Zubarev, Alexander"]
[Black "Timmermans, Daniel"]
[Result "1-0"]
[LiveChessVersion "1.4-u16"]
[BlackElo "1955"]
[WhiteElo "2596"]

1. d4 d5 2. c4 e6 3. Nf3 Nf6 4. Nc3 c6 5. e3 Be7 6. Bd3 O-O 7. O-O Nbd7 8. e4
dxe4 9. Nxe4 Nxe4 10. Bxe4 Nf6 11. Bc2 c5 12. Qe2 Bd7 13. dxc5 Bxc5
 14. Bg5  Bc6  15. Ne5
 Be7  16. Rad1  Qa5
 17. a3  Rfd8  18. b4
 Qc7  19. Bf4  Qc8
 20. Rb1  Be8  21. Rfc1
 a5  22. Bg5  b6 
23. c5  bxc5  24. b5  Rb8
 25. a4  Rd4  26. Be3
 Rb4  27. Bd2  Nd5
 28. Bb3  Rh4  29. g3
 Rh3  30. Qg4  1-0

[Event "TIPC 2012"]
[Site "Charleroi"]
[Date "2012.07.29"]
[Round "2.2"]
[White "Ancion, Mérowig"]
[Black "Shchekachev, Andrei"]
[Result "1/2-1/2"]
[LiveChessVersion "1.4-u16"]
[BlackElo "2528"]
[WhiteElo "1956"]

1. e4 c5 2. Nf3 e6 3. c3 d5 4. exd5 Qxd5 5. d4 Nf6 6. Be3 cxd4 7. cxd4 Bb4+ 8.
Nbd2 Bd7  9. a3  Bxd2+  10. Nxd2
 Bb5  11. Bxb5+  Qxb5
 12. Qb3  Qxb3  13. Nxb3
 b6  14. Rc1  Kd7
 15. f3  Nd5  16. Ke2
 Nc6  17. Nd2  Rac8
 18. b4  a6  19. Nb3
 Na7  20. Rxc8  Rxc8
 21. Rc1  Nxe3  22. Rxc8
 Kxc8  23. Kxe3  Nb5
 24. a4  Nc3  25. a5
 Kc7  26. Kf4  Nd5+
 27. Ke5  b5  28. Nc5
 Nxb4  29. f4  Nc6+
 30. Ke4  Nxa5  31. Nxa6+
 Kd6  32. g4  Nc6
 33. h3  b4  34. Kd3
 b3  35. Nc5  Nxd4
 36. Kxd4  b2  37. Ne4+
 Kc6  38. Nd2  f6
 39. Nb1  Kb5  40. Kc3
 Kc5  41. Nd2  Kd5
 42. Kd3  Kc5  43. Ke4
 Kb4  44. Kd4  Kb5
 45. h4  Kb4  46. h5
 h6  47. Kd3 Ka3 48. Kc3 1/2-1/2

[Event "TIPC 2012"]
[Site "Charleroi"]
[Date "2012.07.29"]
[Round "2.3"]
[White "Kveinys, Aloyzas"]
[Black "Van Melkebeke, Willem"]
[Result "1-0"]
[LiveChessVersion "1.4-u16"]
[BlackElo "1940"]
[WhiteElo "2523"]

1. d4 Nf6 2. Nf3 g6 3. c4 Bg7 4. g3 O-O 5. Bg2 d6 6. O-O Nc6 7. Nc3 a6 8. Re1 Re8
9. e3 e5 10. d5 Ne7 11. e4 c5 12. dxc6 Nxc6 13. h3 Be6 14. b3 Rb8
 15. a4  h6  16. Be3
 Qa5  17. Nd5  Bxd5
 18. cxd5  Ne7  19. Nd2
 Nc8  20. Qc2  Nd7
 21. Rec1  Bf8  22. h4
 Qb4  23. a5  Nc5
 24. Qc3  Qxc3  25. Rxc3
 Na7  26. Bh3  Nb5
 27. Rc4  Red8  28. b4
 Nd7  29. Rac1  Kg7
 30. f3  Kf6  31. R4c2
 Ke7  32. Nc4  Rbc8
 33. Kf2  Bg7  34. Ke2
 Bf8  35. Kd3  Bg7
 36. h5  g5  37. Bf2
 Bf6  38. Bxd7  Rxd7
 39. Ne3  Rxc2  40. Nf5+
 Kf8  41. Rxc2  Kg8
 42. Nxh6+  Kh7  43. Nf5
 Bd8  44. Rc8  Bf6
 45. Bb6  Bh8  46. Bd8
 f6  47. Bb6  Bg7
 48. Ke2  Bh8  49. Kf2
 Bg7  50. Kg2  Bh8
 51. Kh3  1-0

[Event "TIPC 2012"]
[Site "Charleroi"]
[Date "2012.07.29"]
[Round "2.4"]
[White "Porteman, Eric"]
[Black "Ringoir, Tanguy"]
[Result "0-1"]
[LiveChessVersion "1.4-u16"]
[BlackElo "2427"]
[WhiteElo "1948"]

1. c4 f5 2. Nc3 Nf6 3. g3 g6 4. Bg2 Bg7 5. e3 O-O 6. Nge2 d6 7. O-O c6 8. Rb1 a5
9. b3 e5 10. d4 e4  11. Ba3  Na6 
12. b4  axb4  13. Bxb4  Nxb4
 14. Rxb4  d5  15. c5
 g5  16. Qb3  Bh6
 17. Rb1  Qc7  18. Bh3
 f4  19. Bxc8  Qxc8
 20. Qd1  fxe3  21. fxe3
 Ng4  22. Qb3  Qf5
 0-1

[Event "TIPC 2012"]
[Site "Charleroi"]
[Date "2012.07.29"]
[Round "2.5"]
[White "Vandevoort, Pascal"]
[Black "Baudoin, Olivier"]
[Result "1-0"]
[LiveChessVersion "1.4-u16"]
[BlackElo "1937"]
[WhiteElo "2388"]

1. d4 Nf6 2. c4 c5 3. d5 e6 4. Nc3 exd5 5. cxd5 d6 6. e4 g6 7. f4 Bg7 8. Bb5+
Nfd7 9. Nf3 a6 10. Bd3 b5 11. a3 O-O 12. O-O Re8  13. Kh1
 Bb7  14. f5  Ne5
 15. Bg5  f6  16. Nxe5
 fxg5  17. Ng4  Nd7
 18. fxg6  hxg6  19. e5
 dxe5  20. Bxg6  Rf8
 21. Bf5  Nf6  22. Be6+
 Kh8  23. Nxe5  Qe8
 24. Qd3 1-0

[Event "TIPC 2012"]
[Site "Charleroi"]
[Date "2012.07.29"]
[Round "2.6"]
[White "Ricardo, Bruno"]
[Black "Sarrau, Jelle"]
[Result "0-1"]
[LiveChessVersion "1.4-u16"]
[BlackElo "2306"]
[WhiteElo "1940"]

1. d4 Nf6 2. Nf3 g6 3. Nc3 d5 4. Bf4 Bg7 5. e3 O-O 6. Be2 c5 7. Ne5 Nc6 8. O-O
cxd4 9. exd4 Qb6 10. Nxc6 Qxc6 11. Qd2 a6 12. Bh6 b5 13. Bxg7 Kxg7 14. a3
 Rb8  15. Na2  Bf5
 16. c3  a5  17. Rfe1
 Ne4  18. Qf4  Qd6
 19. Qe3  Qf6  20. Bf3
 h5  21. Bxe4  dxe4
 22. Nc1  Qe6  23. Ne2
 h4  24. h3  Rfc8
 25. Red1  b4  26. axb4
 axb4  27. Ra5  bxc3
 28. bxc3  Rb2  29. d5
 Qf6  30. Nd4  Bxh3
 31. Nc6  Bd7  32. Rc5
 Bxc6  33. dxc6  Rxc6
 34. Rxc6  Qxc6  35. Qd4+
 Qf6  0-1

[Event "TIPC 2012"]
[Site "Charleroi"]
[Date "2012.07.29"]
[Round "2.7"]
[White "Rooze, Jan"]
[Black "Boucquet, Emile"]
[Result "1-0"]
[LiveChessVersion "1.4-u16"]
[BlackElo "1933"]
[WhiteElo "2294"]

1. c4 e6 2. g3 Nf6 3. Bg2 Be7 4. Nf3 O-O 5. O-O d5 6. b3 b6 7. Bb2 Bb7 8. e3 Nbd7
9. Nc3 c5  10. Qc2  Rc8  11. Rad1
 a6  12. Qb1  Rc7
 13. Rfe1  Qa8  14. cxd5
 exd5  15. d4  Rfc8
 16. dxc5  bxc5  17. Nh4
 g6  18. Ba1  Bf8
 19. Bh3  Re8  20. Na4
 Bg7  21. Rc1  Qa7
 22. Red1  Nf8  23. Bg2
 Ne4  24. Bxg7  Kxg7
 25. Qb2+  Kg8  26. Nc3
 d4  27. Nxe4  Bxe4
 28. exd4  cxd4  29. Rxc7
 Qxc7  30. Qxd4  Qc2
 31. Qd2  Qxd2  32. Rxd2
 Bxg2  33. Kxg2  Ne6
 34. Nf3  Kg7  35. Rd6
 Ra8  36. Ne5  Kf6
 37. f4  Ra7  38. Kf3
 h5  39. Ke4  Ke7
 40. Rb6  Rc7  41. b4
 Rc3  42. Rb7+  Nc7
 43. Kd4  1-0

[Event "TIPC 2012"]
[Site "Charleroi"]
[Date "2012.07.29"]
[Round "2.8"]
[White "Musheghyan, Murad"]
[Black "Wiley, Tom"]
[Result "0-1"]
[LiveChessVersion "1.4-u16"]
[BlackElo "2283"]
[WhiteElo "1933"]

1. e4 c5 2. Nf3 e6 3. d4 cxd4 4. Nxd4 a6 5. Nc3 b5 6. Be2 Bb7 7. O-O b4 8. Na4
Bxe4 9. Bf3 Nf6 10. Re1  Bxf3  11. Qxf3
 d5  12. c4  bxc3
 13. Qxc3  Bd6  14. Nf5
 O-O  15. Nxd6  Qxd6
 16. Qc5  Qxc5  17. Nxc5
 Nbd7  18. Nxd7  Nxd7
 19. Bf4  Rfc8  20. Rac1
 e5  21. Bg3  f6 
22. f4  Rxc1  23. Rxc1  Kf7
 24. fxe5  fxe5  25. Kf2
 Nf6  26. b4  Ne4+
 27. Ke3  Nxg3  28. hxg3
 Rb8  29. a3  a5 
30. Rb1  axb4  31. axb4  Rb5
 32. g4  Kf6  33. Kf3
 e4+  34. Kf4  g5+
 35. Ke3  Ke5  36. Rh1
 Rxb4  37. Rxh7  d4+
 38. Kf2  Kf4  39. Re7
 Rb2+  40. Kf1  Ke3
 41. g3  d3  42. Rd7
 Rb1+  43. Kg2  d2
 0-1

[Event "TIPC 2012"]
[Site "Charleroi"]
[Date "2012.07.29"]
[Round "2.9"]
[White "Le Quang, Kim"]
[Black "Gorts, Sven"]
[Result "1-0"]
[LiveChessVersion "1.4-u16"]
[BlackElo "1930"]
[WhiteElo "2282"]

1. c4 c5 2. g3 g6 3. Bg2 Bg7 4. Nc3 Nc6 5. Nf3 e5 6. a3 Nge7 7. Rb1 O-O 8. b4
 d6  9. O-O  Rb8 
10. d3  h6  11. Bd2  Kh7
 12. Ne1  f5  13. f4
 b6  14. Nc2  Bb7
 15. Ne3  Nd4  16. Ned5
 Nxd5  17. cxd5  exf4
 18. gxf4  cxb4  19. Rxb4
 Rc8  20. Rc4  b5
 21. Rxc8  Qxc8  22. e3
 Nf3+  23. Qxf3  Bxc3
 24. Rc1  Bxd2  25. Rxc8
 Rxc8  26. h4  Rc1+
 27. Kh2  Re1  28. Qf2
 Ba5  29. e4  1-0

[Event "TIPC 2012"]
[Site "Charleroi"]
[Date "2012.07.29"]
[Round "2.10"]
[White "Bernard, Paul"]
[Black "Maes, Wim"]
[Result "0-1"]
[LiveChessVersion "1.4-u16"]
[BlackElo "2268"]
[WhiteElo "1932"]

1. d4 Nf6 2. c4 g6 3. Nc3 Bg7 4. e4 d6 5. h3 O-O 6. Nf3 e5 7. d5 Na6 8. Be3 Nd7
9. g4 Ndc5  10. Rg1  c6  11. a3
 cxd5  12. cxd5  Nc7
 13. b4  N5a6  14. Be2
 Bd7  15. Rc1  Kh8
 16. Qd2  Qe8  17. Bh6
 Nb5  18. Bxb5  Bxb5
 19. h4  Rc8  20. h5
 Bd7  21. Nh4  Qe7
 22. Bxg7+  Kxg7  23. Nf5+
 gxf5  24. gxf5+  Kh8
 25. Qh6  f6  26. Rg6
 Rg8  27. Kd2  Rcf8
 28. Rcg1  Be8  0-1

[Event "TIPC 2012"]
[Site "Charleroi"]
[Date "2012.07.29"]
[Round "2.11"]
[White "Van Mechelen, Jan"]
[Black "Hanset, Marc"]
[Result "1/2-1/2"]
[LiveChessVersion "1.4-u16"]
[BlackElo "1904"]
[WhiteElo "2247"]

1. d4 Nf6 2. Nf3 d5 3. c4 e6 4. Nc3 Bb4 5. g3 O-O 6. Bg2 c5 7. cxd5 Nxd5 8. Qb3
Nc6 9. O-O cxd4 10. Nxd5 Qxd5 11. Qxd5 exd5 12. Rd1 Re8 13. Kf1 Bc5 14. h3 Bf5
15. b3 Re7 16. Bb2 Rae8 17. Nxd4 Bxd4 18. Bxd4 Nxd4 19. Rxd4 Rxe2 20. Rxd5 Be4
1/2-1/2

[Event "TIPC 2012"]
[Site "Charleroi"]
[Date "2012.07.29"]
[Round "2.12"]
[White "Dinev, Dimiter"]
[Black "Bomans, Arno"]
[Result "0-1"]
[LiveChessVersion "1.4-u16"]
[BlackElo "2245"]
[WhiteElo "1896"]

1. f4 d5 2. Nf3 Nf6 3. g3 g6 4. Bg2 Bg7 5. O-O O-O 6. e3 c5 7. Ne5 Nc6 8. b3 Nxe5
9. fxe5 Ng4 10. d4 h5 11. Nc3 Be6 12. Ne2 Qb6 13. h3 Nh6 14. Kh2 Nf5 15. Rf3 Rac8
16. c3 Qc7 17. Bd2 g5 18. Qf1 Qd7 19. Rc1 b6 20. Qf2 Nh6 21. Qg1 f6 22. exf6 exf6
23. Rf2 Bh8 24. Qf1 Rce8 25. Ng1 Nf5 26. Rxf5 Bxf5 27. Qe2 Bg6 28. Bf3 cxd4 29.
cxd4 Rc8 30. Rd1 Qf7 31. Qg2 Rfd8 32. Ne2 Bf5 33. Nc3 Be6 34. Qe2 h4 35. gxh4
Rxc3 0-1

[Event "TIPC 2012"]
[Site "Charleroi"]
[Date "2012.07.29"]
[Round "2.13"]
[White "Sclacmender, Julien"]
[Black "Edwards, Geraint"]
[Result "1-0"]
[LiveChessVersion "1.4-u16"]
[BlackElo "1893"]
[WhiteElo "2223"]

1. e4 g6 2. Nc3 Bg7 3. d4 c5 4. Nf3 cxd4 5. Nxd4 Nc6 6. Be3 a6 7. Bc4 Qb6 8. Nd5
Qd8 9. Nxc6 bxc6 10. Bb6 cxd5 11. Bxd8 dxc4 12. Ba5 Bb7 13. f3 Bxb2 14. Rb1 c3
15. Qd4 Nf6 16. Bxc3 Bxc3+ 17. Qxc3 Bc6 18. Qc5 1-0

[Event "TIPC 2012"]
[Site "Charleroi"]
[Date "2012.07.29"]
[Round "2.14"]
[White "Rousseau, Jean-François"]
[Black "Schuermans, Robert"]
[Result "1/2-1/2"]
[LiveChessVersion "1.4-u16"]
[BlackElo "2202"]
[WhiteElo "1896"]

1. d4 Nf6 2. Nc3 d5 3. e4 Nxe4 4. Nxe4 dxe4 5. Bc4 g6 6. c3 Bg7 7. Qb3 O-O 8. h4
Nc6 9. Qa3 Qd6 10. Qxd6 exd6 11. Nh3 Na5 12. Be2 c5 13. d5 c4 14. Bf4 Bxh3 15.
Rxh3 Rad8 16. O-O-O b5 17. Kc2 Rd7 18. b4 Nb7 19. a4 a6 20. g4 Be5 21. Bh6 Re8
22. axb5 axb5 23. Ra1 f6 24. Ra6 Nd8 25. Rh1 Nf7 26. Be3 Rb8 27. Rha1 f5 28. gxf5
gxf5 29. R1a5 f4 30. Bb6 f3 31. Bf1 Bf6 32. Rxb5 Ne5 33. Rba5 Bxh4 34. Bd4 Nd3
35. Bh3 Re7 36. Rxd6 1/2-1/2

[Event "TIPC 2012"]
[Site "Charleroi"]
[Date "2012.07.29"]
[Round "2.15"]
[White "Henris, Luc"]
[Black "De Strycker, Nathan"]
[Result "0-1"]
[LiveChessVersion "1.4-u16"]
[BlackElo "1884"]
[WhiteElo "2192"]

1. e4 e6 2. d4 d5 3. e5 c5 4. c3 Nc6 5. Nf3 Qb6 6. a3 Nh6 7. b4 cxd4 8. cxd4 Nf5
9. Bb2 Be7 10. Bd3 a5 11. Qa4 O-O 12. b5 f6 13. Qc2 Ncxd4 14. Nxd4 Nxd4 15. Bxh7+
Kh8 16. Qd3 fxe5 17. Qh3 Bg5 18. Bd3+ Bh6 19. O-O e4 20. Nc3 exd3 21. Na4 Qxb5
0-1

[Event "TIPC 2012"]
[Site "Charleroi"]
[Date "2012.07.29"]
[Round "2.16"]
[White "Gregorio, Santiago"]
[Black "Lacroix, Bruno"]
[Result "0-1"]
[LiveChessVersion "1.4-u16"]
[BlackElo "2183"]
[WhiteElo "1886"]

1. e4 c5 2. Nf3 Nc6 3. Bb5 d6 4. Bxc6+ bxc6 5. O-O e5 6. c3 Nf6 7. Re1 Be7 8. Na3
O-O 9. d3 Be6 10. Nc2 Nd7 11. Ne3 g6 12. d4 cxd4 13. cxd4 f5 14. exf5 gxf5 15.
dxe5 dxe5 16. Qc2 c5 17. Nc4 e4 18. Nfe5 Nxe5 19. Nxe5 Bf6 20. f4 Bxe5 21. fxe5
Qd4+ 22. Be3 Qxe5 23. Bxc5 Rac8 24. b4 Rf7 25. Qf2 f4 26. Rad1 e3 27. Qh4 Qf6 28.
Qh5 Qg6 29. Qh4 f3 30. Rd8+ Rf8 0-1